| 000 | 01280nam2a22002531 4500 | ||
|---|---|---|---|
| 001 | rc\3992522 | ||
| 005 | 20250611050626.0 | ||
| 021 |
_aRU _b[55-47061] |
||
| 035 | _a(NLR Aleph) 008068508 | ||
| 090 |
_a9048243 _c9048243 |
||
| 100 | _a20130415d1955 |||y0rusy50 ca | ||
| 101 | 1 |
_arus _cund |
|
| 102 | _aRU | ||
| 105 | _aa z ||||| | ||
| 200 | 1 |
_aСтекольное производство _eЗа 1952-1954 гг. _f[Сост. инж. И.Е. Гурфинкель] |
|
| 210 |
_a[Москва _d1955] |
||
| 215 |
_a68 с. _cил. _d22 |
||
| 461 | 0 |
_1001rc\3992519 _12001#$a[Рефераты статей, опубликованных в заграничной технической литературе]$fПод ред. П.Г. Третьякова$gМ-во текстильной пром-сти СССР. Техн. упр. Отд. техн. информации$vСб. 15 _99048226 _cМосква _d1955 _fПод ред. П.Г. Третьякова _nГизлегпром _t[Рефераты статей, опубликованных в заграничной технической литературе] _vСб. 15 |
|
| 702 | 1 |
_aГурфинкель _bИ.Е. _4220 |
|
| 801 | 0 |
_aRU _bNLR _gpsbo |
|
| 801 | 1 |
_aRU _bELAR _2rusmarc |
|
| 852 |
_aNLR _jТ60 Г-4/302 |
||
| 942 | _cBOOK | ||
| 980 | _aNB | ||